000 00744cam a22002533a 4500
001 5201
003 PGUSA
005 20140828083114.0
008 040301s2004||||xxu|||||s|||||000 | eng d
040 _aPGUSA
_beng
042 _adc
050 4 _aPQ
100 1 _aZorrilla, José,
_d1817-1893
245 1 0 _aDon Juan Tenorio
_h[electronic resource] /
_cJosé Zorrilla
260 _bProject Gutenberg,
_c2004
506 _aCopyrighted. Read the copyright notice inside this book for details.
516 _aElectronic text
653 _aDon Juan (Legendary character) -- Drama
700 1 _aKline, A. S.
700 1 _aMayberry, N. K.
830 0 _aProject Gutenberg
_v5201
856 4 0 _uhttp://www.gutenberg.org/ebooks/5201
942 _cEB
999 _c234530
_d234530